[Event "DEM U16 2009"]
[Site "Willingen GER"]
[Date "2009.05.31"]
[Round "2"]
[White "Günnigmann, Manuel"]
[Black "Dünzel, Jonas"]
[Result "1/2-1/2"]
[Termination "normal"]
[Board "9"]
[WhiteElo "2133"]
[BlackElo "1980"]
[PlyCount "109"]
[WhiteFideId "24640360"]
[BlackFideId "24631167"]
[EventCountry "GER"]
[EventRounds "9"]
[EventType "swiss"]
[EventDate "2009.05.30"]

1. e4 c5 2. Nf3 d6 3. Bb5+ Nc6 4. O-O Bd7 5. c3 Nf6 6. Re1 a6 7. Ba4 b5 8. Bc2
Bg4 9. d3 g6 10. Nbd2 Bg7 11. h3 Bc8 12. Nf1 O-O 13. d4 e6 14. Ng3 Bb7 15. Be3
Qe7 16. Rc1 Rfd8 17. Qe2 h6 18. Bb1 Rac8 19. Nh2 Kh7 20. dxc5 dxc5 21. f4 Nd7
22. e5 Nb6 23. Ne4 Nb8 24. Nd6 Rxd6 25. exd6 Qxd6 26. Rcd1 Nd5 27. Bc1 Nd7 28.
Nf3 c4 29. Ne5 Nxe5 30. fxe5 Qc5+ 31. Kh1 Qc7 32. Rd4 Kg8 33. Bf4 a5 34. Bh2 b4
35. Be4 bxc3 36. Bxd5 Bxd5 37. bxc3 Qb7 38. Rf1 Rc6 39. Rdf4 Rc7 40. R4f2 Qb8
41. Qc2 Rb7 42. Re2 Rb6 43. Bg1 Rb7 44. Bd4 Rb5 45. Kg1 Rb7 46. Ree1 Qc7 47.
Qf2 a4 48. Re2 a3 49. Qf4 Rb5 50. Ref2 Rb7 51. Qc1 Bf8 52. h4 h5 53. Qf4 Bg7
54. Qe3 Rb5 55. Re1 1/2-1/2

[Event "DEM U16 2009"]
[Site "Willingen GER"]
[Date "2009.05.31"]
[Round "2"]
[White "Jussupow, Alexander"]
[Black "Wendling, Florian"]
[Result "1-0"]
[Termination "normal"]
[Board "10"]
[WhiteElo "2072"]
[BlackElo "1815"]
[PlyCount "79"]
[WhiteFideId "24613509"]
[BlackFideId "24640212"]
[EventCountry "GER"]
[EventRounds "9"]
[EventType "swiss"]
[EventDate "2009.05.30"]

1. d4 d5 2. Nf3 c6 3. e3 Nf6 4. c4 a6 5. Nbd2 Nbd7 6. Bd3 Qc7 7. O-O g6 8. e4
dxe4 9. Nxe4 Bg7 10. Re1 O-O 11. Bg5 h6 12. Bh4 Nxe4 13. Bxe4 Re8 14. Bc2 Nf8
15. Bb3 c5 16. d5 Bf5 17. Ba4 Bxb2 18. Bxe8 Rxe8 19. d6 Qa5 20. Bxe7 Nd7 21.
Nh4 Bxa1 22. Qxa1 Bd3 23. Nf3 Bxc4 24. Qc1 Bd5 25. Ne5 Bc6 26. Ng4 h5 27. Nh6+
Kg7 28. Nf5+ Kg8 29. h4 b5 30. Kh2 Qxa2 31. Qh6 gxf5 32. Qg5+ Kh7 33. Qxf5+ Kg8
34. Qg5+ Kh7 35. Qxh5+ Kg8 36. Qg5+ Kh7 37. Qf5+ Kg8 38. Re3 Nf8 39. Rg3+ Ng6
40. Rxg6+ 1-0

[Event "DEM U16 2009"]
[Site "Willingen GER"]
[Date "2009.05.31"]
[Round "2"]
[White "Steinacker, Alex"]
[Black "Bräuer, Franz"]
[Result "1-0"]
[Termination "normal"]
[Board "11"]
[WhiteElo "1835"]
[BlackElo "1966"]
[PlyCount "93"]
[WhiteFideId "24647195"]
[BlackFideId "24634468"]
[EventCountry "GER"]
[EventRounds "9"]
[EventType "swiss"]
[EventDate "2009.05.30"]

1. c4 Nf6 2. Nc3 g6 3. g3 Bg7 4. Bg2 O-O 5. d4 d6 6. e3 e5 7. Nge2 Nbd7 8. O-O
c6 9. Bd2 Qc7 10. b4 Re8 11. Qb3 Nf8 12. d5 cxd5 13. cxd5 Bd7 14. Rac1 Rac8 15.
Na4 Qb8 16. Nb2 Rxc1 17. Rxc1 Rc8 18. Rc3 Ne8 19. e4 f5 20. Qc2 h6 21. Rxc8
Bxc8 22. Qc1 Kh7 23. Nc3 Nd7 24. exf5 gxf5 25. Nb5 Nb6 26. Be3 Bd7 27. Na3 Nc8
28. Qc2 Ne7 29. Qc4 e4 30. Nd1 b5 31. Qb3 Nc7 32. f3 Ncxd5 33. fxe4 Nxe3 34.
Nxe3 Qb6 35. Nac2 Ng6 36. Kf1 fxe4 37. Bxe4 Qd8 38. Nd5 Qf8+ 39. Nf4 Be8 40.
Qe6 Kh8 41. Bxg6 Bc6 42. Bf5 Be8 43. Ng6+ Bxg6 44. Qxg6 Qg8 45. Ne3 d5 46. Nxd5
a6 47. a3 1-0

[Event "DEM U16 2009"]
[Site "Willingen GER"]
[Date "2009.05.31"]
[Round "2"]
[White "Aslan, Benjamin"]
[Black "Zuferi, Enis"]
[Result "0-1"]
[Termination "normal"]
[Board "12"]
[WhiteElo "1989"]
[BlackElo "1910"]
[PlyCount "81"]
[WhiteFideId "24640298"]
[BlackFideId "24692530"]
[EventCountry "GER"]
[EventRounds "9"]
[EventType "swiss"]
[EventDate "2009.05.30"]

1. d4 Nf6 2. c4 c5 3. d5 b5 4. cxb5 a6 5. b6 e6 6. Nc3 Nxd5 7. Nxd5 exd5 8.
Qxd5 Nc6 9. Nf3 Rb8 10. Bd2 Be7 11. Bc3 O-O 12. e4 Qxb6 13. Bc4 Nb4 14. Qd2 Qg6
15. Bd5 Nxd5 16. exd5 d6 17. O-O Bh3 18. Ne1 Bf5 19. Rc1 Rb7 20. Nc2 Be4 21.
Ne3 Rfb8 22. b3 Re8 23. Rcd1 Bg5 24. f4 Bd8 25. Nc4 f5 26. Rde1 Bf6 27. Rf2
Rbe7 28. Re3 Bxc3 29. Rxc3 Bxg2 30. Rg3 Bh3 31. Ne5 Qh5 32. Nf3 Bg4 33. Kg2 Qg6
34. Ng1 Qf6 35. Qd3 h5 36. Qxa6 h4 37. Rd3 Qg6 38. Kh1 Be2 39. Nxe2 Rxe2 40.
Rd2 Rxd2 41. Rxd2 0-1

[Event "DEM U16 2009"]
[Site "Willingen GER"]
[Date "2009.05.31"]
[Round "2"]
[White "Ohnmacht, Simon"]
[Black "März, Julian"]
[Result "1/2-1/2"]
[Termination "normal"]
[Board "13"]
[WhiteElo "1876"]
[BlackElo "1992"]
[PlyCount "108"]
[WhiteFideId "24672980"]
[BlackFideId "24646172"]
[EventCountry "GER"]
[EventRounds "9"]
[EventType "swiss"]
[EventDate "2009.05.30"]

1. e4 c5 2. Nf3 Nc6 3. d4 cxd4 4. Nxd4 e6 5. Nc3 Nf6 6. Ndb5 Bb4 7. a3 Bxc3+ 8.
Nxc3 d5 9. exd5 exd5 10. Bg5 O-O 11. Be2 Re8 12. O-O d4 13. Na4 Qd6 14. Bxf6
Qxf6 15. Bf3 Ne5 16. Re1 Bd7 17. Nc5 Nxf3+ 18. Qxf3 Qxf3 19. gxf3 Bf5 20. Ne4
Kf8 21. Rad1 Rad8 22. Rd2 Bg6 23. Kf1 Bh5 24. Rd3 Rc8 25. Re2 f5 26. Ng3 Rxe2
27. Kxe2 Be8 28. Kd2 f4 29. Nf5 Bg6 30. Nd6 Rc6 31. Ne4 Bxe4 32. fxe4 Rh6 33.
Rxd4 Rxh2 34. Ke2 Ke7 35. c4 g5 36. Kf3 h6 37. c5 h5 38. Rb4 b6 39. cxb6 axb6
40. Rxb6 g4+ 41. Kxf4 Rxf2+ 42. Kg3 Rf3+ 43. Kh4 Rh3+ 44. Kg5 g3 45. Kf4 h4 46.
Rg6 Rh1 47. Kf3 Rf1+ 48. Kg2 Rf2+ 49. Kg1 Rxb2 50. Rg4 Rh2 51. a4 Ra2 52. Rxh4
Rxa4 53. Kg2 Ra3 54. Rg4 Ke6 1/2-1/2

[Event "DEM U16 2009"]
[Site "Willingen GER"]
[Date "2009.05.31"]
[Round "2"]
[White "Kahleys, Kevin"]
[Black "Cremer, Jan Paul"]
[Result "1-0"]
[Termination "normal"]
[Board "14"]
[WhiteElo "2006"]
[BlackElo "1877"]
[PlyCount "89"]
[WhiteFideId "24669601"]
[BlackFideId "24686115"]
[EventCountry "GER"]
[EventRounds "9"]
[EventType "swiss"]
[EventDate "2009.05.30"]

1. Nf3 Nf6 2. c4 g6 3. g3 Bg7 4. Bg2 O-O 5. O-O d6 6. d4 Nc6 7. h3 e5 8. Nc3
exd4 9. Nxd4 Nxd4 10. Qxd4 c6 11. Rd1 Nd5 12. Qd2 Nxc3 13. bxc3 Be6 14. Ba3
Bxc4 15. Bxd6 Re8 16. e4 Qa5 17. Bb4 Qa4 18. Bc5 b6 19. Bd4 Rad8 20. Qe1 c5 21.
Bxg7 Kxg7 22. Rd2 Rd3 23. Rxd3 Bxd3 24. Qe3 Bxe4 25. Qf4 Bc6 26. c4 Bxg2 27.
Kxg2 Re2 28. h4 Rxa2 29. Qe5+ Kf8 30. Qh8+ Ke7 31. Re1+ Kd6 32. Qe5+ Kd7 33.
Qd5+ Kc8 34. Qa8+ Kd7 35. Qe8+ Kd6 36. Rd1+ Qxd1 37. Qd8+ Kc6 38. Qxd1 a5 39.
Qd5+ Kc7 40. Qxf7+ Kc6 41. Qxh7 a4 42. Qxg6+ Kb7 43. Qe4+ Ka7 44. h5 a3 45. Qb1
1-0

[Event "DEM U16 2009"]
[Site "Willingen GER"]
[Date "2009.06.01"]
[Round "3"]
[White "Kotainy, Jens"]
[Black "Kugler, Florian"]
[Result "1-0"]
[Termination "normal"]
[Board "1"]
[WhiteElo "2170"]
[BlackElo "2000"]
[PlyCount "115"]
[WhiteFideId "24670499"]
[BlackFideId "4633300"]
[EventCountry "GER"]
[EventRounds "9"]
[EventType "swiss"]
[EventDate "2009.05.30"]

1. e4 c5 2. Nc3 Nc6 3. f4 g6 4. Nf3 Bg7 5. Bb5 Nd4 6. O-O a6 7. Bd3 e6 8. b3
Ne7 9. e5 Nxf3+ 10. Qxf3 d5 11. exd6 Qxd6 12. Bb2 Qd8 13. Ba3 Qa5 14. Bb2 Bd7
15. Na4 Bc6 16. Qf2 Bxb2 17. Nxb2 Rc8 18. Nc4 Qd8 19. Qxc5 O-O 20. Qf2 Nd5 21.
Be4 Nf6 22. Bxc6 Rxc6 23. c3 b5 24. Ne5 Rd6 25. d4 Qc7 26. Rac1 Rc8 27. c4 bxc4
28. bxc4 Rcd8 29. Rfd1 Nd7 30. Nf3 Rc6 31. d5 exd5 32. Rxd5 Rc8 33. Rxd7 Qxd7
34. Ne5 Qe6 35. Nxc6 Rxc6 36. Qd4 Rd6 37. Qe5 Qxe5 38. fxe5 Re6 39. c5 Rxe5 40.
c6 Re8 41. Kf2 Kf8 42. Kf3 f5 43. c7 Rc8 44. Kf4 Kf7 45. Ke5 Ke7 46. h4 a5 47.
g3 a4 48. a3 h6 49. Rc2 g5 50. hxg5 hxg5 51. Kxf5 Kd7 52. g4 Rf8+ 53. Kxg5 Kc8
54. Rc4 Rf3 55. Rxa4 Kxc7 56. Rd4 Rxa3 57. Kh5 Rh3+ 58. Kg6 1-0

[Event "DEM U16 2009"]
[Site "Willingen GER"]
[Date "2009.06.01"]
[Round "3"]
[White "Petermann, Michail"]
[Black "Grünter, Martin"]
[Result "1-0"]
[Termination "normal"]
[Board "2"]
[WhiteElo "2062"]
[BlackElo "2092"]
[PlyCount "59"]
[WhiteFideId "24643530"]
[BlackFideId "24640352"]
[EventCountry "GER"]
[EventRounds "9"]
[EventType "swiss"]
[EventDate "2009.05.30"]

1. e4 c5 2. Nf3 d6 3. d4 cxd4 4. Nxd4 Nf6 5. f3 a6 6. c4 e6 7. Nc3 Be7 8. Be3
Qc7 9. Be2 Nbd7 10. O-O b6 11. Qd2 Bb7 12. a4 O-O 13. Rfc1 Rac8 14. a5 Bd8 15.
b4 Qb8 16. Nb3 Ne5 17. axb6 Nxc4 18. Bxc4 Rxc4 19. Na5 Rxb4 20. Na4 Rb5 21.
Nxb7 Qxb7 22. Qxd6 Nd7 23. Rab1 Re8 24. Rxb5 axb5 25. Nc5 Nxc5 26. Qxc5 Be7 27.
Qxb5 Rc8 28. Rxc8+ Qxc8 29. b7 Qb8 30. Qd7 1-0

[Event "DEM U16 2009"]
[Site "Willingen GER"]
[Date "2009.06.01"]
[Round "3"]
[White "Kartsev, Alexandr"]
[Black "Zelbel, Patrick"]
[Result "0-1"]
[Termination "normal"]
[Board "3"]
[WhiteElo "2074"]
[BlackElo "2330"]
[PlyCount "98"]
[WhiteFideId "24647110"]
[BlackFideId "24624322"]
[EventCountry "GER"]
[EventRounds "9"]
[EventType "swiss"]
[EventDate "2009.05.30"]

1. e4 c5 2. c3 Nf6 3. e5 Nd5 4. d4 cxd4 5. Nf3 e6 6. cxd4 d6 7. Bc4 Nc6 8. O-O
Be7 9. Qe2 O-O 10. Re1 a6 11. Nc3 Nxc3 12. bxc3 dxe5 13. dxe5 Qc7 14. Qe4 b5
15. Bd3 g6 16. Bh6 Rd8 17. Bf1 Bb7 18. Ng5 Rd5 19. Qf4 Bxg5 20. Qxg5 f5 21. Qf6
Qf7 22. Qxf7+ Kxf7 23. Bf4 Rc5 24. Rad1 Rd8 25. Rxd8 Nxd8 26. c4 bxc4 27. Bg5
Ke8 28. Rb1 c3 29. Bxd8 c2 30. Rc1 Kxd8 31. Bd3 Rc3 32. Bxc2 Kc7 33. f3 Bc6 34.
Kf2 Ba4 35. Bxa4 Rxc1 36. Bb3 f4 37. Bxe6 Rc5 38. Bg8 h6 39. g3 g5 40. gxf4
gxf4 41. e6 Rc2+ 42. Kg1 Kd6 43. Bf7 Ke7 44. a4 Ra2 45. h4 a5 46. Bg8 Rxa4 47.
Kg2 Ra3 48. Bf7 h5 49. Bg6 Re3 0-1

[Event "DEM U16 2009"]
[Site "Willingen GER"]
[Date "2009.06.01"]
[Round "3"]
[White "Berchtenbreiter, Maximilian"]
[Black "Schäfer, Alexander"]
[Result "0-1"]
[Termination "normal"]
[Board "4"]
[WhiteElo "2148"]
[BlackElo "2007"]
[PlyCount "64"]
[WhiteFideId "24641120"]
[BlackFideId "24615196"]
[EventCountry "GER"]
[EventRounds "9"]
[EventType "swiss"]
[EventDate "2009.05.30"]

1. d4 f5 2. Bg5 g6 3. c4 Bg7 4. Nc3 Nf6 5. h4 d6 6. Qd2 h6 7. Bf4 Nbd7 8. d5
Nc5 9. e3 Nfe4 10. Nxe4 Nxe4 11. Qc2 e5 12. dxe6 Bxe6 13. f3 Nf6 14. Ne2 Qe7
15. O-O-O O-O-O 16. Ng3 d5 17. h5 Qc5 18. hxg6 dxc4 19. Rxd8+ Rxd8 20. Bxc4
Bxc4 21. Qxf5+ Nd7 22. Qxc5 Nxc5 23. Bxh6 Nd3+ 24. Kb1 Nf2 25. Rh4 Bd3+ 26. Kc1
Bxg6 27. e4 Bf6 28. Rh2 Be5 29. f4 Nd3+ 30. Kc2 Nxf4 31. Nf5 Ne6 32. Rh3 Nd4+
0-1

[Event "DEM U16 2009"]
[Site "Willingen GER"]
[Date "2009.06.01"]
[Round "3"]
[White "Graf, Felix"]
[Black "Müller, Tobias"]
[Result "1-0"]
[Termination "normal"]
[Board "5"]
[WhiteElo "2300"]
[BlackElo "1744"]
[PlyCount "119"]
[WhiteFideId "24608904"]
[BlackFideId "24643394"]
[EventCountry "GER"]
[EventRounds "9"]
[EventType "swiss"]
[EventDate "2009.05.30"]

1. d4 d5 2. c4 e6 3. Nc3 Nf6 4. cxd5 exd5 5. Bg5 Be7 6. e3 Nbd7 7. Nf3 c6 8.
Qc2 Nf8 9. Bd3 Ne6 10. Bh4 g6 11. O-O-O Ng7 12. Rhe1 O-O 13. Kb1 Bf5 14. e4
dxe4 15. Nxe4 Nxe4 16. Bxe7 Qxe7 17. Bxe4 Qf6 18. Bxf5 Nxf5 19. Qb3 Nd6 20. h4
Rfe8 21. Re5 Re7 22. h5 Nb5 23. hxg6 hxg6 24. Qb4 Rae8 25. Rde1 Re6 26. a3 Qf4
27. R1e3 Rxe5 28. dxe5 Qxb4 29. axb4 Nc7 30. Rd3 Kf8 31. g3 Ke7 32. Ng5 Ne6 33.
Ne4 Rd8 34. Nd6 Ng5 35. Kc2 Rd7 36. f4 Ne6 37. Kc3 a6 38. Rd2 Nc7 39. Nc8+ Kd8
40. Rxd7+ Kxd7 41. Nd6 Nb5+ 42. Nxb5 axb5 43. Kd4 b6 44. Ke4 Ke6 45. g4 Ke7 46.
Kf3 Ke6 47. Kg3 g5 48. Kf3 gxf4 49. Kxf4 f6 50. exf6 Kxf6 51. Ke4 Ke6 52. g5 c5
53. bxc5 bxc5 54. g6 b4 55. g7 Kf7 56. Kd5 b3 57. Kxc5 Kxg7 58. Kc4 Kf6 59.
Kxb3 Ke6 60. Kc4 1-0

[Event "DEM U16 2009"]
[Site "Willingen GER"]
[Date "2009.06.01"]
[Round "3"]
[White "Steinacker, Alex"]
[Black "Jussupow, Alexander"]
[Result "0-1"]
[Termination "normal"]
[Board "6"]
[WhiteElo "1835"]
[BlackElo "2072"]
[PlyCount "138"]
[WhiteFideId "24647195"]
[BlackFideId "24613509"]
[EventCountry "GER"]
[EventRounds "9"]
[EventType "swiss"]
[EventDate "2009.05.30"]

1. Nc3 d5 2. e4 e6 3. g3 Nf6 4. Bg2 b6 5. exd5 exd5 6. Nge2 Bb7 7. O-O Be7 8.
Nf4 O-O 9. Re1 c6 10. d4 Nbd7 11. Qd3 Re8 12. Bd2 Nf8 13. Nd1 a5 14. Qf3 Ne4
15. Bc3 Ng6 16. Ne3 Nxf4 17. gxf4 Bh4 18. Nd1 Qf6 19. Re3 c5 20. Qg4 Nxc3 21.
Rxe8+ Rxe8 22. Nxc3 cxd4 23. Nxd5 Bxd5 24. Bxd5 d3 25. cxd3 Bxf2+ 26. Kh1 Qxb2
27. Rf1 Bc5 28. Qd7 Rf8 29. Qh3 h6 30. f5 Qd4 31. Be4 Qf6 32. Qg2 Rc8 33. Bb7
Rc7 34. Qd5 Bd6 35. Qg2 Be5 36. Bd5 Kh7 37. Bc4 Rc5 38. a4 Bc7 39. Qf2 Bd6 40.
Qf3 Re5 41. Bd5 Bc5 42. Be4 Bd4 43. Qf4 Rc5 44. Rc1 Be5 45. Qd2 Bc3 46. Qf4 b5
47. axb5 Rxb5 48. Qc7 Be5 49. Qc6 Qh4 50. f6+ g6 51. Bxg6+ Kxg6 52. Rg1+ Bg3
53. Rxg3+ Rg5 54. Rxg5+ Qxg5 55. Qe4+ Qf5 56. Qg2+ Kxf6 57. Qc6+ Kg7 58. Qg2+
Kh7 59. Qe2 a4 60. Kg2 a3 61. Qa2 Qg5+ 62. Kf3 Qf6+ 63. Kg3 Qe5+ 64. Kh4 Qf4+
65. Kh3 Qf3+ 66. Kh4 Qf6+ 67. Kg3 Qb2 68. Qc4 Qg7+ 69. Kh3 h5 0-1

[Event "DEM U16 2009"]
[Site "Willingen GER"]
[Date "2009.06.01"]
[Round "3"]
[White "Butschek, Marc"]
[Black "Kahleys, Kevin"]
[Result "1-0"]
[Termination "normal"]
[Board "7"]
[WhiteElo "1855"]
[BlackElo "2006"]
[PlyCount "99"]
[WhiteFideId "4630904"]
[BlackFideId "24669601"]
[EventCountry "GER"]
[EventRounds "9"]
[EventType "swiss"]
[EventDate "2009.05.30"]

1. e4 e6 2. d4 d5 3. Nc3 dxe4 4. Nxe4 Nd7 5. Nf3 Ngf6 6. Bg5 Be7 7. Nxf6+ Nxf6
8. Bd3 h6 9. Be3 Nd5 10. c3 Nxe3 11. fxe3 c5 12. Ne5 O-O 13. O-O Bf6 14. Ng4
Bg5 15. Qf3 Qc7 16. h4 Bxh4 17. Nxh6+ gxh6 18. Qe4 f5 19. Qxh4 Kh7 20. Rf3 Rg8
21. Kf2 Qg7 22. Rg1 cxd4 23. exd4 Qg5 24. Qxg5 hxg5 25. Rh1+ Kg6 26. Rfh3 Bd7
27. Rh7 Rg7 28. R1h6+ Kf7 29. g4 Rc8 30. gxf5 exf5 31. Rd6 Rc7 32. Rhh6 Ke7 33.
d5 Rc5 34. c4 a5 35. Rdf6 Rg8 36. Rb6 Bc8 37. Ke3 Kd8 38. Rbd6+ Ke7 39. Kd4 Rc7
40. c5 Kf8 41. Rd8+ Kg7 42. Rg6+ Kxg6 43. Rxg8+ Kf7 44. Rxg5 Kf6 45. Rg8 Bd7
46. Rb8 f4 47. d6 Rc8 48. Rxb7 Bc6 49. Rb6 Be8 50. d7+ 1-0

[Event "DEM U16 2009"]
[Site "Willingen GER"]
[Date "2009.06.01"]
[Round "3"]
[White "Meiser, Michael"]
[Black "Osmanodja, Filiz"]
[Result "0-1"]
[Termination "normal"]
[Board "8"]
[BlackTitle "FM"]
[WhiteElo "1792"]
[BlackElo "1963"]
[PlyCount "44"]
[WhiteFideId "24659762"]
[BlackFideId "24633569"]
[EventCountry "GER"]
[EventRounds "9"]
[EventType "swiss"]
[EventDate "2009.05.30"]

1. e4 c5 2. Nc3 Nc6 3. Bb5 Nd4 4. Bc4 g6 5. Nge2 Bg7 6. Nxd4 cxd4 7. Qf3 Nh6 8.
d3 O-O 9. Nb5 Qb6 10. Qg3 d5 11. Nc7 dxc4 12. Nxa8 Qb4+ 13. Ke2 f5 14. Nc7 fxe4
15. dxe4 e6 16. a4 d3+ 17. cxd3 cxd3+ 18. Qxd3 Qc5 19. Qg3 Be5 20. Qe3 Bd4 21.
Qxh6 Rxf2+ 22. Ke1 Qc4 0-1

[Event "DEM U16 2009"]
[Site "Willingen GER"]
[Date "2009.06.01"]
[Round "3"]
[White "Zuferi, Enis"]
[Black "Weber, Max"]
[Result "1-0"]
[Termination "normal"]
[Board "9"]
[WhiteElo "1910"]
[BlackElo "1711"]
[PlyCount "77"]
[WhiteFideId "24692530"]
[BlackFideId "4624831"]
[EventCountry "GER"]
[EventRounds "9"]
[EventType "swiss"]
[EventDate "2009.05.30"]

1. d4 Nf6 2. c4 g6 3. Nc3 d5 4. Nf3 Bg7 5. Qb3 dxc4 6. Qxc4 O-O 7. e4 Bg4 8.
Be3 Na6 9. Rd1 c5 10. d5 Qa5 11. Be2 Nd7 12. O-O Bxf3 13. gxf3 Ne5 14. Qb3 c4
15. Bxc4 Nxf3+ 16. Kg2 Ne5 17. Be2 Nc5 18. Qc2 Rac8 19. d6 exd6 20. Nd5 Qd8 21.
b4 Ne6 22. Qxc8 Qxc8 23. Ne7+ Kh8 24. Nxc8 Rxc8 25. Rc1 Rd8 26. Rfd1 Nc6 27. b5
Ncd4 28. Bc4 Be5 29. Bxe6 Nxe6 30. Bxa7 Ra8 31. b6 Nc5 32. f3 Kg7 33. Rc4 Kf6
34. a4 Ke6 35. a5 f5 36. exf5+ gxf5 37. f4 Bf6 38. Kf3 Be7 39. Rxc5 1-0

[Event "DEM U16 2009"]
[Site "Willingen GER"]
[Date "2009.06.01"]
[Round "3"]
[White "Dünzel, Jonas"]
[Black "März, Julian"]
[Result "1/2-1/2"]
[Termination "normal"]
[Board "11"]
[WhiteElo "1980"]
[BlackElo "1992"]
[PlyCount "78"]
[WhiteFideId "24631167"]
[BlackFideId "24646172"]
[EventCountry "GER"]
[EventRounds "9"]
[EventType "swiss"]
[EventDate "2009.05.30"]

1. e4 c5 2. Nf3 Nc6 3. d4 cxd4 4. Nxd4 d5 5. Nxc6 bxc6 6. exd5 Qxd5 7. Qxd5
cxd5 8. Nc3 Nf6 9. Bg5 e6 10. O-O-O Be7 11. Bd3 Bd7 12. Rhe1 Ne4 13. Nxe4 dxe4
14. Bxe7 exd3 15. Bb4 dxc2 16. Kxc2 Bc6 17. f3 Rd8 18. Rxd8+ Kxd8 19. Bc3 Kd7
20. Re5 f6 21. Ra5 Ra8 22. b4 a6 23. a4 e5 24. Kd3 Bb7 25. b5 axb5 26. Rxa8
Bxa8 27. axb5 Bd5 28. Bd2 g6 29. Be3 f5 30. Kc3 h5 31. h4 Kc7 32. Bc5 Be6 33.
Kb4 Bd5 34. Bf8 e4 35. fxe4 Bxe4 36. g3 Kb7 37. Kc5 Bd3 38. b6 Bb1 39. Bd6 f4
1/2-1/2

[Event "DEM U16 2009"]
[Site "Willingen GER"]
[Date "2009.06.01"]
[Round "3"]
[White "Marx, Joschka"]
[Black "Ohnmacht, Simon"]
[Result "1/2-1/2"]
[Termination "normal"]
[Board "12"]
[WhiteElo "2014"]
[BlackElo "1876"]
[PlyCount "118"]
[WhiteFideId "24645869"]
[BlackFideId "24672980"]
[EventCountry "GER"]
[EventRounds "9"]
[EventType "swiss"]
[EventDate "2009.05.30"]

1. e4 e5 2. Nf3 Nc6 3. d3 d6 4. g3 Nf6 5. Bg2 Be7 6. O-O O-O 7. h3 h6 8. Nbd2
Be6 9. c3 d5 10. Qc2 dxe4 11. Nxe4 Nxe4 12. dxe4 Bc5 13. b4 Bb6 14. b5 Na5 15.
Nxe5 Qf6 16. Ng4 Qg6 17. Ne3 Nc4 18. Qe2 Nd6 19. e5 Ne4 20. c4 Rad8 21. Ba3 Rd2
22. Bxe4 Qxg3+ 23. fxg3 Rxe2 24. Bxf8 Kxf8 25. Bd5 Bxd5 26. cxd5 Rxe3 27. Kg2
Rxe5 28. Rfe1 Rxd5 29. Rad1 Rxd1 30. Rxd1 Ke7 31. Kf3 a6 32. a4 axb5 33. axb5
Bc5 34. Ke4 b6 35. Kd5 Kd7 36. Rf1 f6 37. g4 Bb4 38. h4 Bd2 39. h5 Bc3 40. Rf3
Bb2 41. Rb3 Bc1 42. Rc3 Bb2 43. Rc4 Be5 44. Ra4 Bb2 45. Ra8 f5 46. gxf5 Bf6 47.
Ra2 Bc3 48. Rc2 Bf6 49. Rc6 Bb2 50. Ke4 Bf6 51. Kf4 Bb2 52. f6 Bxf6 53. Kf5 Bb2
54. Kg6 Be5 55. Kf7 Bb2 56. Rc2 Bf6 57. Rd2+ Kc8 58. Ke6 Kb7 59. Rd7 Bb2
1/2-1/2

[Event "DEM U16 2009"]
[Site "Willingen GER"]
[Date "2009.06.01"]
[Round "3"]
[White "Wendling, Florian"]
[Black "Bräuer, Franz"]
[Result "1-0"]
[Termination "normal"]
[Board "13"]
[WhiteElo "1815"]
[BlackElo "1966"]
[PlyCount "85"]
[WhiteFideId "24640212"]
[BlackFideId "24634468"]
[EventCountry "GER"]
[EventRounds "9"]
[EventType "swiss"]
[EventDate "2009.05.30"]

1. e4 e5 2. Bc4 Nf6 3. d3 Bc5 4. Nf3 Nc6 5. c3 d6 6. O-O a6 7. Bb3 Ba7 8. Nbd2
O-O 9. h3 Ne7 10. Re1 Ng6 11. Nf1 h6 12. Ng3 Be6 13. d4 Qc8 14. Bxe6 Qxe6 15.
d5 Qd7 16. Qd3 Kh8 17. Bd2 Ng8 18. Nf5 N8e7 19. Rac1 Rae8 20. g4 Ng8 21. c4
N6e7 22. b4 Kh7 23. c5 g6 24. Nxe7 Qxe7 25. Be3 dxc5 26. Bxc5 Bxc5 27. bxc5 f5
28. d6 Qf6 29. d7 Rd8 30. exf5 gxf5 31. Rxe5 Qg6 32. Rce1 Rf7 33. Rd5 Qg7 34.
Ne5 Rf6 35. Rb1 Ne7 36. Rd4 b5 37. cxb6 Rxb6 38. Rxb6 cxb6 39. Qe3 Ng8 40. Rd6
Qe7 41. Qd4 fxg4 42. Qe4+ Kg7 43. Rg6+ 1-0

[Event "DEM U16 2009"]
[Site "Willingen GER"]
[Date "2009.06.01"]
[Round "3"]
[White "Cremer, Jan Paul"]
[Black "Aslan, Benjamin"]
[Result "0-1"]
[Termination "normal"]
[Board "14"]
[WhiteElo "1877"]
[BlackElo "1989"]
[PlyCount "62"]
[WhiteFideId "24686115"]
[BlackFideId "24640298"]
[EventCountry "GER"]
[EventRounds "9"]
[EventType "swiss"]
[EventDate "2009.05.30"]

1. e4 e6 2. d4 d5 3. Nc3 Nf6 4. Bg5 Be7 5. e5 Nfd7 6. Bxe7 Qxe7 7. f4 O-O 8.
Nf3 c5 9. dxc5 f6 10. Bd3 Nc6 11. Qe2 fxe5 12. fxe5 Nxc5 13. O-O-O Bd7 14. Kb1
a6 15. Qe3 Rac8 16. Ne2 b5 17. Rhf1 Na5 18. b3 Nc4 19. bxc4 bxc4 20. Bxc4 dxc4
21. Rd6 Ba4 22. Nc3 Qb7+ 23. Kc1 Rb8 24. Kd2 Bxc2 25. Kxc2 Qb2+ 26. Kd1 Nd3 27.
Rxd3 cxd3 28. Qc1 Qxg2 29. Re1 Qxf3+ 30. Kd2 Qf2+ 31. Kxd3 Rfd8+ 0-1

[Event "DEM U16 2009"]
[Site "Willingen GER"]
[Date "2009.06.02"]
[Round "4"]
[White "Petermann, Michail"]
[Black "Kotainy, Jens"]
[Result "0-1"]
[Termination "normal"]
[Board "1"]
[WhiteElo "2062"]
[BlackElo "2170"]
[PlyCount "48"]
[WhiteFideId "24643530"]
[BlackFideId "24670499"]
[EventCountry "GER"]
[EventRounds "9"]
[EventType "swiss"]
[EventDate "2009.05.30"]

1. e4 e6 2. d4 d5 3. Nc3 Nf6 4. e5 Nfd7 5. f4 c5 6. Nf3 Nc6 7. Be3 Be7 8. Qd2
O-O 9. dxc5 Bxc5 10. Bxc5 Nxc5 11. Nd4 Bd7 12. Be2 a6 13. a3 f6 14. b4 fxe5 15.
Nxc6 Bxc6 16. bxc5 d4 17. Na2 Bxg2 18. O-O-O Bxh1 19. Rxh1 Qd5 20. Rf1 Qxa2 21.
Qb4 Qa1+ 22. Kd2 Qc3+ 23. Qxc3 dxc3+ 24. Kxc3 Rac8 0-1

[Event "DEM U16 2009"]
[Site "Willingen GER"]
[Date "2009.06.02"]
[Round "4"]
[White "Zelbel, Patrick"]
[Black "Schäfer, Alexander"]
[Result "1-0"]
[Termination "normal"]
[Board "2"]
[WhiteElo "2330"]
[BlackElo "2007"]
[PlyCount "78"]
[WhiteFideId "24624322"]
[BlackFideId "24615196"]
[EventCountry "GER"]
[EventRounds "9"]
[EventType "swiss"]
[EventDate "2009.05.30"]

1. c4 g6 2. g3 Bg7 3. Bg2 f5 4. Nc3 Nf6 5. Nf3 d6 6. O-O O-O 7. d3 e5 8. Rb1 c6
9. b4 Nh5 10. Qb3 Kh8 11. b5 h6 12. a4 g5 13. Ba3 Bf6 14. a5 g4 15. Nd2 Bg5 16.
Rfd1 Ng7 17. a6 h5 18. Qa4 Qd7 19. Nf1 Be7 20. e3 h4 21. Rb2 f4 22. Be4 Ne6 23.
d4 exd4 24. exd4 Ng5 25. gxh4 Nh3+ 26. Kg2 Bxh4 27. Rdd2 g3 28. fxg3 fxg3 29.
hxg3 Ng5 30. Rf2 Qh3+ 31. Kg1 Rxf2 32. Rxf2 Bxg3 33. Rg2 Bh4 34. Qd1 Kg7 35.
Bc1 Kf6 36. Bxg5+ Bxg5 37. Qf3+ Ke7 38. axb7 Bxb7 39. Rg4 Qh6 1-0